Лавка древностей: [Роман. Для сред. и ст. возраста]

Detalles Bibliográficos
Autor principal: Диккенс Ч. Чарльз
Otros Autores: Волжина Н. (переводчик), Урнов Д. (автор предисловия), Кагарлицкий Ю. (составитель), Дурасов Л. (иллюстратор)
Lenguaje:ruso
Publicado: Москва, Детская литература, 1981
Materias:
Formato: MixedMaterials Libro
KOHA link:https://koha.lib.tpu.ru/cgi-bin/koha/opac-detail.pl?biblionumber=80538

MARC

LEADER 00000nam0a2200000 4500
001 80538
005 20231101213122.0
020 |a RU  |b 81-11295 
035 |a (RuTPU)RU\TPU\book\86566 
090 |a 80538 
100 |a 20050906d1981 m a0rusy5003 ca 
101 1 |a rus  |c eng 
102 |a RU 
105 |a y z 000ay 
200 1 |a Лавка древностей  |e [Роман. Для сред. и ст. возраста]  |f Ч. Диккенс  |g пер. Н. Волжина; авт. предисл. Д. Урнов; сост. Ю. Кагарлицкий; худож. Л. Дурасов 
210 |a Москва  |c Детская литература  |d 1981 
215 |a 624 с.  |c ил.  |d 20 см. 
610 1 |a проза 
610 1 |a романы 
610 1 |a Англия 
675 |a 82  |z rus 
700 1 |a Диккенс  |b Ч.  |c английский писатель  |f 1812-1870  |g Чарльз  |2 stltpush  |3 (RuTPU)RU\TPU\pers\9041  |9 1731 
702 1 |a Волжина  |b Н.  |4 730 
702 1 |a Урнов  |b Д.  |4 080 
702 1 |a Кагарлицкий  |b Ю.  |4 220 
702 1 |a Дурасов  |b Л.  |4 440 
801 0 |a RU  |b RuMRKP  |c 19950704  |g psbo 
801 1 |a RU  |b 63413507  |c 20050906  |g PSBO 
801 2 |a RU  |b 63413507  |c 20161019  |g PSBO 
942 |c BK